Szczegóły MARC21

Błędy i oszustwa w dokumentach finansowo-księgowych /

003 -Nazwa inst., której nr kontr. jest w polu 001 [,]
    • @
    • Nazwa instytucji, której n kontrolny jest w polu 001
    • NUKAT
005 -DATA I CZAS OSTATNIEJ MODYFIKACJI [,]
    • @
    • pole kontrolne
    • 20250315040912.0
020 -Międzynarod. znormalizowany nr książki - ISBN [ , ]
    • a
    • Numer ISBN
    • 9788320817096 Find
040 -Instytucja sporządzająca opis [ , ]
    • a
    • Instytucja, która sporządziła opis (NP)
    • BYDG 22/ET
    • b
    • Język katalogowania
    • pol
    • e
    • Zasady katalogowania
    • rda
    • c
    • Instytucja, która sporządziła rekord (NP)
    • BYDG 22/ET
    • d
    • Instytucja, która zmodyfikowała rekord (P)
    • BYDG 22/ET
    • d
    • Instytucja, która zmodyfikowała rekord (P)
    • KR U/MWs
    • d
    • Instytucja, która zmodyfikowała rekord (P)
    • GL 001/FAN
942 -Rodzaj dokumentu [ , ]
    • c
    • Rodzaj dokumentu
    • Książka
100 -Hasło główne - nazwa osobowa [1, ]
    • a
    • Nazwa osobowa (NP)
    • Schneider, Karol.
    • e
    • Rodzaj współpracy
    • Autor
    • 9
    • KHW
    • 406733
245 -Strefa tytułu i oznaczenia odpowiedzialności [1,0]
    • a
    • Tytuł
    • Błędy i oszustwa w dokumentach finansowo-księgowych / Find
    • c
    • Pozostałe elementy strefy tytułu i oznaczenia odpowiedzialności (NP)
    • Karol Schneider.
260 -Strefa adresu wydawniczego [ , ]
    • a
    • Miejsce wydania (P)
    • Warszawa :
    • b
    • Nazwa wydawcy (P)
    • Polskie Wydawnictwo Ekonomiczne,
    • c
    • Data wydania (P)
    • 2007.
300 -Strefa opisu fizycznego [ , ]
    • a
    • Określenie formy książki i/lub objętość (NP)
    • 307 stron :
    • b
    • Oznaczenie ilustracji (NP)
    • ilustracje ;
    • c
    • Format (NP)
    • 24 cm.
336 -Typ zawartości [ , ]
    • a
    • Termin opisujący typ zawartości
    • Tekst
    • b
    • Kod określający zawartość
    • txt
    • 2
    • Źródło (terminu i kodu)
    • rdacontent
337 -Typ mediów [ , ]
    • a
    • Tryb odtwarzania
    • Bez urządzenia pośredniczącego
    • b
    • Kod typu mediów
    • n
    • 2
    • Źródło (terminu i kodu)
    • rdamedia
338 -Typ/rodzaj nośnika [ , ]
    • a
    • Hasło opisujące typ nośnika
    • Wolumin
    • b
    • Kod typu nośnika
    • nc
    • 2
    • Źródło (terminu i kodu)
    • rdacarrier
500 -Uwaga ogólna [ , ]
    • a
    • Uwaga ogólna (NP)
    • Akty prawne na stronach 297-298.
504 -Uwaga dot. bibliogr. załącznikowej [ , ]
    • a
    • Uwaga dot. bibliografii załącznikowej
    • Bibliografia na stronach 285-295. Indeks.
080 -Uniwersalna Klasyfikacja Dziesiętna [ , ]
    • 2
    • Identyfikator wydania tablic
    • UDC-P022
    • a
    • Symbol klasyfikacji
    • 343.728.1
    • b
    • Dopowiedzenie
    • Sprawozdania finansowe spółek. Księgi rachunkowe (handlowe). Bilanse. Inwentarze. Rachunek strat i zysków. Rezerwy. Amortyzacja
    • b
    • Dopowiedzenie
    • (Polska)
    • x
    • Poddział wspólny
    • (438)
080 -Uniwersalna Klasyfikacja Dziesiętna [ , ]
    • 2
    • Identyfikator wydania tablic
    • UDC-P022
    • a
    • Symbol klasyfikacji
    • 343.5
    • b
    • Dopowiedzenie
    • Przestępstwa przeciwko zaufaniu publicznemu, dobrym obyczajom i rodzinie. Fałszowanie pieniędzy. Fałszowanie dokumentów. Domy gry. Dręczenie zwierząt
    • b
    • Dopowiedzenie
    • (Polska)
    • x
    • Poddział wspólny
    • (438)
080 -Uniwersalna Klasyfikacja Dziesiętna [ , ]
    • 2
    • Identyfikator wydania tablic
    • UDC-P022
    • a
    • Symbol klasyfikacji
    • 343.35
    • b
    • Dopowiedzenie
    • Przestępstwa przeciw władzom publicznym. Przekupstwo. Łapownictwo. Korupcja. Nadużycie władzy. Naruszenie tajemnicy służbowej. Przestępstwa podatkowe
    • b
    • Dopowiedzenie
    • (Polska)
    • x
    • Poddział wspólny
    • (438)
650 -Hasło przedmiotowe [ ,7]
    • a
    • Hasło przedmiotowe
    • Przestępstwa gospodarcze i finansowe.
    • 2
    • Źródło terminu
    • kaba
    • 9
    • KHW
    • 126674
650 -Hasło przedmiotowe [ ,7]
    • a
    • Hasło przedmiotowe
    • Oszustwo (prawo).
    • 2
    • Źródło terminu
    • kaba
    • 9
    • KHW
    • 122774
650 -Hasło przedmiotowe [ ,7]
    • a
    • Hasło przedmiotowe
    • Sprawozdania finansowe
    • x
    • Określnik rzeczowy
    • fałszerstwa.
    • 2
    • Źródło terminu
    • kaba
    • 9
    • KHW
    • 402658
650 -Hasło przedmiotowe [ ,7]
    • a
    • Hasło przedmiotowe
    • Uchylanie się od opodatkowania.
    • 2
    • Źródło terminu
    • kaba
    • 9
    • KHW
    • 134307
980 -Symbol UKD [ , ]
    • a
    • UKD
    • 343.728.1:343.5:343.35](438)
710 -Hasło dodatkowe - nazwa ciała zbiorowego [2, ]
    • a
    • Nazwa ciała zbiorowego lub nazwa geograficzna jako pierwszy element (NP)
    • Polskie Wydawnictwo Ekonomiczne.
    • e
    • Rodzaj współpracy
    • Wydawca
    • 4
    • Kod relacji
    • pbl
    • 9
    • KHW
    • 50784
920 -ISBN [ , ]
    • a
    • ISBN
    • 978-83-208-1709-6 Find
Sygnatura Numer inwentarzowy Status udost. Lokalizacja Data inwentaryzacji
 E.71047-2BE2007-12-20
SA.16760SA.167601BSA2008-09-23
T.20436T.20436-2T2018-08-28